Digital Principles and System Design (Record no. 12345)

000 -LEADER
fixed length control field 00468nam a2200169 4500
020 ## - INTERNATIONAL STANDARD BOOK NUMBER
International Standard Book Number 9788184316551
082 ## - DEWEY DECIMAL CLASSIFICATION NUMBER
Classification number 621.395 GOD
100 ## - MAIN ENTRY--PERSONAL NAME
Personal name Godse, A.P.
245 ## - TITLE STATEMENT
Title Digital Principles and System Design
250 ## - EDITION STATEMENT
Edition statement 1st ed.
260 ## - PUBLICATION, DISTRIBUTION, ETC.
Place of publication, distribution, etc. New Delhi, India
Name of publisher, distributor, etc. Technical Publications
Date of publication, distribution, etc. 2009
300 ## - PHYSICAL DESCRIPTION
Extent Various pages.
Other physical details ill. ;
500 ## - GENERAL NOTE
General note Includes index.
650 ## - SUBJECT ADDED ENTRY--TOPICAL TERM
Topical term or geographic name entry element Digital integrated circuits --Design and construction.
700 ## - ADDED ENTRY--PERSONAL NAME
Personal name Godse, D.A.
942 ## - ADDED ENTRY ELEMENTS (KOHA)
Koha item type Book
Holdings
Withdrawn status Lost status Damaged status Not for loan Collection code Permanent Location Current Location Shelving location Date acquired Source of acquisition Cost, normal purchase price Total Checkouts Total Renewals Full call number Barcode Date last seen Date last checked out Price effective from Koha item type
          Central Library (CL) Central Library (CL) General Stacks 12/27/2013 Saeed Book Bank 610.40 4 1 621.395 GOD SEECS012749 08/13/2024 02/23/2021 12/29/2013 Book
© 2023 Central Library, National University of Sciences and Technology. All Rights Reserved.